[Event "CYCC U08"]
[Site "Vancouver CAN"]
[Date "2012.07.04"]
[Round "5"]
[White "Allard, Max"]
[Black "Washimkar, Arhant"]
[Result "0-1"]
[WhiteElo "801"]
[BlackElo "1145"]
[PlyCount "86"]
[GameId "2160767909508408"]
[EventDate "2012.07.03"]
[EventType "swiss"]
[EventRounds "7"]
[EventCountry "CAN"]
[SourceTitle "EXT 2022"]
[Source "ChessBase"]
[SourceDate "2021.10.06"]
[SourceVersion "1"]
[SourceVersionDate "2021.10.06"]
[SourceQuality "1"]

1. e4 e5 2. Nf3 Nc6 3. Nc3 Nf6 4. Bb5 Bb4 5. d3 O-O 6. O-O d6 7. Bg5 Bg4 8. Nd5 Nd4 9. Nxb4 Nxb5 10. Nd5 Bxf3 11. Qxf3 Nd4 12. Nxf6+ gxf6 13. Qxf6 Qxf6 14. Bxf6 Rfe8 15. Rfe1 Nxc2 16. Rec1 Nxa1 17. Rxa1 Re6 18. Bh4 Rh6 19. g3 c6 20. Re1 Re8 21. Bg5 Rg6 22. h4 h6 23. Be3 d5 24. exd5 cxd5 25. Bxa7 e4 26. dxe4 Rxe4 27. Rd1 Rd6 28. Bc5 Rd7 29. f3 Rc4 30. Be3 Kh7 31. g4 d4 32. Bf2 d3 33. b3 Rc2 34. Be3 d2 35. Bxd2 Rdxd2 36. Rxd2 Rxd2 37. a4 Rd3 38. Kf2 Rxb3 39. Kg3 Ra3 40. g5 Rxa4 41. gxh6 Kxh6 42. f4 b5 43. Kf2 Rxf4+ 0-1

[Event "CYCC U08"]
[Site "Vancouver CAN"]
[Date "2012.07.04"]
[Round "5"]
[White "Doknjas, Neil"]
[Black "James, Rowan"]
[Result "1-0"]
[WhiteElo "1090"]
[BlackElo "1052"]
[PlyCount "41"]
[GameId "2160767909508409"]
[EventDate "2012.07.03"]
[EventType "swiss"]
[EventRounds "7"]
[EventCountry "CAN"]
[SourceTitle "EXT 2022"]
[Source "ChessBase"]
[SourceDate "2021.10.06"]
[SourceVersion "1"]
[SourceVersionDate "2021.10.06"]
[SourceQuality "1"]

1. e4 e5 2. Nf3 Nc6 3. d4 exd4 4. Nxd4 Bc5 5. Be3 Qf6 6. c3 Nge7 7. Bc4 Ne5 8. Be2 N7g6 9. f4 Nc6 10. O-O O-O 11. Rf3 Nh4 12. Rg3 Re8 13. e5 Qe7 14. Bd3 d6 15. Rg5 h6 16. Qh5 dxe5 17. fxe5 Nxd4 18. Rxg7+ Kf8 19. Qxh6 Ndf3+ 20. Kh1 Bxe3 21. Qh8# 1-0

[Event "CYCC U08"]
[Site "Vancouver CAN"]
[Date "2012.07.04"]
[Round "5"]
[White "Pulfer, Ben"]
[Black "Wu, James"]
[Result "0-1"]
[WhiteElo "580"]
[BlackElo "626"]
[PlyCount "110"]
[GameId "2160767909508410"]
[EventDate "2012.07.03"]
[EventType "swiss"]
[EventRounds "7"]
[EventCountry "CAN"]
[SourceTitle "EXT 2022"]
[Source "ChessBase"]
[SourceDate "2021.10.06"]
[SourceVersion "1"]
[SourceVersionDate "2021.10.06"]
[SourceQuality "1"]

1. e4 e5 2. Nf3 Nc6 3. Nc3 Nf6 4. Bc4 Bc5 5. O-O O-O 6. d3 d6 7. Qd2 Qd7 8. Qg5 h6 9. Qg3 Qe7 10. Bxh6 Bg4 11. Bc1 Bxf3 12. Qxf3 Rad8 13. Qg3 Nh5 14. Qg4 Nf6 15. Qg3 Nd4 16. Be3 Nxc2 17. Rae1 Nxe1 18. Rxe1 Bxe3 19. Qxe3 Ng4 20. Qg3 Nf6 21. Qh4 c6 22. Re3 Rfe8 23. Rh3 Kf8 24. Qh8+ Ng8 25. Bb3 Qf6 26. Rh7 Re7 27. Qxg7+ Qxg7 28. Rxg7 Kxg7 29. Ne2 Nf6 30. Ng3 Ng4 31. Nf5+ Kf6 32. Nxe7 Kxe7 33. Bd1 f5 34. exf5 Rg8 35. h3 Nf6 36. b3 b5 37. b4 Nd5 38. a4 Nc3 39. Bb3 bxa4 40. Bxg8 a3 41. Kf1 a2 42. Bxa2 Nxa2 43. Ke1 Nxb4 44. g4 Nxd3+ 45. Ke2 Nf4+ 46. Kf3 Nxh3 47. Kg3 Ng5 48. Kh4 Kf6 49. Kh5 a5 50. Kh4 a4 51. Kh5 a3 52. Kh4 a2 53. Kh5 a1=Q 54. Kh4 Qh1+ 55. Kg3 Qh3# 0-1

[Event "CYCC U08"]
[Site "Vancouver CAN"]
[Date "2012.07.04"]
[Round "5"]
[White "Qu, Leo"]
[Black "Zhang, Arthur"]
[Result "1-0"]
[WhiteElo "833"]
[BlackElo "338"]
[PlyCount "117"]
[GameId "2160767909508411"]
[EventDate "2012.07.03"]
[EventType "swiss"]
[EventRounds "7"]
[EventCountry "CAN"]
[SourceTitle "EXT 2022"]
[Source "ChessBase"]
[SourceDate "2021.10.06"]
[SourceVersion "1"]
[SourceVersionDate "2021.10.06"]
[SourceQuality "1"]

1. c4 e5 2. Nc3 Nf6 3. g3 d5 4. cxd5 Nxd5 5. Nxd5 Qxd5 6. f3 Bf5 7. Bg2 Bc5 8. e3 Nc6 9. Ne2 O-O-O 10. O-O Rhe8 11. f4 Qd7 12. Nc3 Bb4 13. Re1 exf4 14. exf4 Rxe1+ 15. Qxe1 Bc5+ 16. Kh1 Re8 17. Qf1 Qe7 18. b3 Qe1 19. Bb2 Qxf1+ 20. Rxf1 Bb4 21. a3 Bxc3 22. dxc3 Bd3 23. Bh3+ Kb8 24. Rg1 Be4+ 25. Bg2 Bxg2+ 26. Rxg2 Re1+ 27. Rg1 Re2 28. Rb1 Na5 29. Rd1 Re8 30. b4 Nc4 31. Bc1 b6 32. Rd4 Nd6 33. Kg2 Re2+ 34. Kh3 f5 35. Rd2 Rxd2 36. Bxd2 Nf7 37. Kh4 h6 38. g4 fxg4 39. Kxg4 g6 40. h4 Kc8 41. h5 gxh5+ 42. Kxh5 Kd7 43. Kg6 Ke6 44. f5+ Ke7 45. f6+ Kf8 46. Bf4 c5 47. bxc5 bxc5 48. c4 a5 49. a4 Ke8 50. Bc7 Kd7 51. Kxf7 Kxc7 52. Ke7 h5 53. f7 h4 54. f8=Q Kc6 55. Ke6 Kc7 56. Qe7+ Kb6 57. Kd6 Ka6 58. Kc6 h3 59. Qb7# 1-0

[Event "CYCC U08"]
[Site "Vancouver CAN"]
[Date "2012.07.05"]
[Round "5"]
[White "Butchart, Kevin"]
[Black "Jin, Eric"]
[Result "1-0"]
[WhiteElo "704"]
[BlackElo "855"]
[PlyCount "67"]
[GameId "2160767909508412"]
[EventDate "2012.07.03"]
[EventType "swiss"]
[EventRounds "7"]
[EventCountry "CAN"]
[SourceTitle "EXT 2022"]
[Source "ChessBase"]
[SourceDate "2021.10.06"]
[SourceVersion "1"]
[SourceVersionDate "2021.10.06"]
[SourceQuality "1"]

1. e4 e5 2. Nf3 Nc6 3. Bb5 d6 4. d3 Nf6 5. Bg5 Bd7 6. Nc3 Be7 7. Nd5 Be6 8. Nxe7 Kxe7 9. O-O h6 10. Be3 a6 11. Ba4 b5 12. Bb3 Bxb3 13. axb3 g5 14. h4 g4 15. Nd2 h5 16. Bg5 Qd7 17. Re1 a5 18. Rc1 Nd4 19. c3 Ne6 20. Be3 Rhg8 21. d4 exd4 22. cxd4 d5 23. e5 Ne4 24. Nxe4 dxe4 25. b4 a4 26. d5 Nd8 27. Bc5+ Ke8 28. d6 cxd6 29. Bxd6 Nb7 30. Qd5 Ra6 31. Rxe4 Nxd6 32. exd6+ Kf8 33. Re7 Qd8 34. Qxf7# 1-0

[Event "CYCC U08"]
[Site "Vancouver CAN"]
[Date "2012.07.05"]
[Round "5"]
[White "Du, Daniel"]
[Black "Zhao, Ian"]
[Result "0-1"]
[WhiteElo "834"]
[BlackElo "971"]
[PlyCount "82"]
[GameId "2160767909508413"]
[EventDate "2012.07.03"]
[EventType "swiss"]
[EventRounds "7"]
[EventCountry "CAN"]
[SourceTitle "EXT 2022"]
[Source "ChessBase"]
[SourceDate "2021.10.06"]
[SourceVersion "1"]
[SourceVersionDate "2021.10.06"]
[SourceQuality "1"]

1. e4 e5 2. Nf3 Nc6 3. Bc4 Nf6 4. d3 d6 5. Bg5 Be7 6. Nc3 Bg4 7. h3 Bh5 8. g4 Bg6 9. Qd2 h6 10. Bxf6 Bxf6 11. O-O-O Nd4 12. Nxd4 Bg5 13. Qxg5 hxg5 14. Nf3 c6 15. Rhe1 Rxh3 16. Nd2 Qd7 17. f3 O-O-O 18. Kb1 Bh7 19. Re3 g6 20. Rf1 f5 21. exf5 gxf5 22. gxf5 Bxf5 23. Nb3 b5 24. Bxb5 cxb5 25. Rg1 Rg8 26. Nd5 Qe6 27. Nc3 g4 28. Nd2 gxf3 29. Nxf3 Rxg1+ 30. Re1 Rxe1+ 31. Nxe1 Rh1 32. b3 b4 33. Na4 Rxe1+ 34. Kb2 e4 35. dxe4 Qe5+ 36. c3 Bxe4 37. a3 bxa3+ 38. Kxa3 Qa5 39. b4 Ra1+ 40. Kb2 Qxa4 41. c4 Qa3# 0-1

[Event "CYCC U08"]
[Site "Vancouver CAN"]
[Date "2012.07.05"]
[Round "5"]
[White "Huang, Patrick"]
[Black "Low, Kevin"]
[Result "0-1"]
[WhiteElo "790"]
[BlackElo "917"]
[PlyCount "112"]
[GameId "2160767909508414"]
[EventDate "2012.07.03"]
[EventType "swiss"]
[EventRounds "7"]
[EventCountry "CAN"]
[SourceTitle "EXT 2022"]
[Source "ChessBase"]
[SourceDate "2021.10.06"]
[SourceVersion "1"]
[SourceVersionDate "2021.10.06"]
[SourceQuality "1"]

1. e4 c5 2. Nf3 e6 3. c3 Qc7 4. d4 cxd4 5. cxd4 Be7 6. Bd3 Nc6 7. Nc3 d6 8. O-O Nf6 9. Qe2 O-O 10. Bg5 a6 11. e5 Ne8 12. Bxe7 Nxe7 13. Qe4 f5 14. Qf4 d5 15. Rae1 g6 16. Re3 Ng7 17. Nh4 Bd7 18. Rg3 Be8 19. Re1 Bf7 20. Qh6 Rac8 21. Ree3 Qb6 22. h3 Qxb2 23. Be2 Qb4 24. Rg5 Qxd4 25. Reg3 Qxe5 26. Bh5 Qf6 27. f4 Qd4+ 28. Kh2 Nxh5 29. Rxh5 Qg7 30. Qg5 d4 31. Ne2 b5 32. Rh6 a5 33. Rd3 e5 34. fxe5 Qxe5+ 35. Ng3 Qd6 36. Kg1 Bxa2 37. Ne2 Bc4 38. Rxd4 Qb6 39. Kh1 Bxe2 40. Rf4 b4 41. Qg3 b3 42. Qe1 b2 43. Qxe2 b1=Q+ 44. Qf1 g5 45. Rf3 Qxf1+ 46. Rxf1 gxh4 47. Rxh4 Kh8 48. Ra1 Qf6 49. Rha4 Rg8 50. Rxa5 Qg7 51. Rg1 f4 52. Ra3 Ng6 53. Rf3 Rc3 54. Rf2 Nh4 55. Rc2 Rxh3+ 56. gxh3 Qxg1# 0-1

[Event "CYCC U08"]
[Site "Vancouver CAN"]
[Date "2012.07.05"]
[Round "5"]
[White "Jiang, David"]
[Black "Li, Jack"]
[Result "0-1"]
[WhiteElo "486"]
[BlackElo "698"]
[PlyCount "70"]
[GameId "2160767909508415"]
[EventDate "2012.07.03"]
[EventType "swiss"]
[EventRounds "7"]
[EventCountry "CAN"]
[SourceTitle "EXT 2022"]
[Source "ChessBase"]
[SourceDate "2021.10.06"]
[SourceVersion "1"]
[SourceVersionDate "2021.10.06"]
[SourceQuality "1"]

1. e4 e5 2. Bc4 Nc6 3. Nf3 Bc5 4. d3 h6 5. Nc3 Nf6 6. h3 d6 7. Nd5 Be6 8. Nxf6+ Qxf6 9. Bxe6 fxe6 10. Be3 Bxe3 11. fxe3 O-O-O 12. Qe2 d5 13. O-O-O Rhf8 14. exd5 exd5 15. Rhf1 Rd7 16. Nd4 Qe7 17. Rxf8+ Qxf8 18. Nxc6 bxc6 19. d4 exd4 20. Qa6+ Kd8 21. exd4 Qf2 22. g4 Qe3+ 23. Rd2 Rf7 24. Kd1 Re7 25. Re2 Qxd4+ 26. Qd3 Qxb2 27. Rxe7 Kxe7 28. Qb3 Qxb3 29. axb3 Ke6 30. Ke2 Ke5 31. Kf3 c5 32. Ke3 a5 33. c3 c4 34. bxc4 dxc4 35. Kd2 Kf4 0-1

[Event "CYCC U08"]
[Site "Vancouver CAN"]
[Date "2012.07.05"]
[Round "5"]
[White "Mirabelli, Aidan"]
[Black "Zhou, Aiden"]
[Result "1-0"]
[WhiteElo "932"]
[BlackElo "768"]
[PlyCount "50"]
[GameId "2160767909508416"]
[EventDate "2012.07.03"]
[EventType "swiss"]
[EventRounds "7"]
[EventCountry "CAN"]
[SourceTitle "EXT 2022"]
[Source "ChessBase"]
[SourceDate "2021.10.06"]
[SourceVersion "1"]
[SourceVersionDate "2021.10.06"]
[SourceQuality "1"]

1. e4 c6 2. d4 d5 3. Nc3 Nf6 4. Bd3 Bg4 5. f3 dxe4 6. Nxe4 Be6 7. Be3 Nd5 8. Bf2 Nd7 9. Ne2 Qc7 10. Qd2 O-O-O 11. O-O-O N5f6 12. Bg3 Qb6 13. Rhe1 Nh5 14. Bf2 Qc7 15. N2g3 Nxg3 16. Bxg3 Qb6 17. c3 Bxa2 18. Qf4 e5 19. dxe5 g6 20. Bc2 h5 21. e6 Bh6 22. Nd6+ Kb8 23. Nc4+ Ne5 24. Nxb6 Rxd1+ 25. Rxd1 axb6 1-0

[Event "CYCC U08"]
[Site "Vancouver CAN"]
[Date "2012.07.05"]
[Round "5"]
[White "Wan, Justin"]
[Black "Vettese, Nicholas"]
[Result "1-0"]
[WhiteElo "733"]
[BlackElo "821"]
[PlyCount "116"]
[GameId "2160767909508417"]
[EventDate "2012.07.03"]
[EventType "swiss"]
[EventRounds "7"]
[EventCountry "CAN"]
[SourceTitle "EXT 2022"]
[Source "ChessBase"]
[SourceDate "2021.10.06"]
[SourceVersion "1"]
[SourceVersionDate "2021.10.06"]
[SourceQuality "1"]

1. f4 Nc6 2. e4 Nf6 3. e5 Ng8 4. Nf3 d6 5. exd6 Qxd6 6. d4 Qd8 7. Nc3 Nf6 8. Be3 Bf5 9. Bb5 a6 10. Bxc6+ bxc6 11. Qd2 h6 12. O-O-O e6 13. Ne5 Qd6 14. Rhf1 Nd7 15. Nxd7 Qxd7 16. d5 cxd5 17. Nxd5 exd5 18. Qxd5 Qxd5 19. Rxd5 Be6 20. Re5 Bd6 21. Re4 O-O 22. f5 Bxa2 23. f6 gxf6 24. Rxf6 Rfe8 25. Rxe8+ Rxe8 26. Bxh6 Bb4 27. c3 Bd6 28. Bf4 Re6 29. Rf5 Bxf4+ 30. Rxf4 Re2 31. Rf1 Rxg2 32. Rh1 Bd5 33. h4 Rc2+ 34. Kxc2 Bxh1 35. Kd3 Bb7 36. Ke3 Kg7 37. Kf4 Kg6 38. Kg4 Bc8+ 39. Kg3 Kh5 40. b4 Bd7 41. c4 Bc8 42. c5 Bd7 43. Kf4 Kxh4 44. Ke5 f5 45. Kd5 f4 46. Ke4 Kg3 47. Kd5 f3 48. c6 Bxc6+ 49. Kxc6 f2 50. Kxc7 f1=Q 51. Kb6 Qb5+ 52. Kc7 Qxb4 53. Kd7 Qb6 54. Ke8 Qa7 55. Kf8 Kf4 56. Kg8 Kf5 57. Kf8 Kf6 58. Ke8 Qe7# 1-0

[Event "CYCC U08"]
[Site "Vancouver CAN"]
[Date "2012.07.05"]
[Round "5"]
[White "Zheng, Victor"]
[Black "Liang, Albert"]
[Result "1-0"]
[WhiteElo "846"]
[BlackElo "764"]
[PlyCount "79"]
[GameId "2160767909508418"]
[EventDate "2012.07.03"]
[EventType "swiss"]
[EventRounds "7"]
[EventCountry "CAN"]
[SourceTitle "EXT 2022"]
[Source "ChessBase"]
[SourceDate "2021.10.06"]
[SourceVersion "1"]
[SourceVersionDate "2021.10.06"]
[SourceQuality "1"]

1. e4 c5 2. Nc3 e5 3. Nf3 d6 4. Bc4 Nf6 5. Ng5 Be6 6. Bxe6 fxe6 7. Nxe6 Qe7 8. Nb5 Na6 9. Ng5 g6 10. c4 Bh6 11. d3 Bxg5 12. Bxg5 O-O 13. O-O Qe8 14. Nxd6 Qd7 15. Nb5 Nc7 16. Nxc7 Qxc7 17. Qf3 Nh5 18. Qg4 Nf4 19. Bxf4 Rxf4 20. Qe6+ Qf7 21. Qxe5 Re8 22. Qxc5 b6 23. Qa3 Qe7 24. Qxe7 Rxe7 25. g3 Rf3 26. Rad1 Rd7 27. d4 Re7 28. Rfe1 Rc7 29. b3 b5 30. cxb5 Rc2 31. d5 Rfxf2 32. d6 Rg2+ 33. Kh1 Rxh2+ 34. Kg1 Rhg2+ 35. Kf1 Rgf2+ 36. Kg1 Kg7 37. d7 Kh6 38. d8=Q Kh5 39. Rd5+ Kg4 40. Qg5+ 1-0

[Event "CYCC U08"]
[Site "Vancouver CAN"]
[Date "2012.07.05"]
[Round "6"]
[White "Du, Daniel"]
[Black "Allard, Max"]
[Result "1-0"]
[WhiteElo "834"]
[BlackElo "801"]
[PlyCount "63"]
[GameId "2160767909508419"]
[EventDate "2012.07.03"]
[EventType "swiss"]
[EventRounds "7"]
[EventCountry "CAN"]
[SourceTitle "EXT 2022"]
[Source "ChessBase"]
[SourceDate "2021.10.06"]
[SourceVersion "1"]
[SourceVersionDate "2021.10.06"]
[SourceQuality "1"]

1. e4 e5 2. Nf3 Nc6 3. Bc4 Nf6 4. d3 Bc5 5. Nc3 O-O 6. O-O Ng4 7. Ng5 Bxf2+ 8. Rxf2 Nxf2 9. Kxf2 Qf6+ 10. Kg1 d6 11. Qh5 h6 12. Nf3 Nd4 13. Nxd4 exd4 14. Nd5 Qe5 15. Qxe5 dxe5 16. Nxc7 Rb8 17. c3 dxc3 18. bxc3 Bd7 19. Ba3 Rfc8 20. Nd5 Be6 21. Ne7+ Kf8 22. Nxc8+ Ke8 23. Bxe6 fxe6 24. Nd6+ Kd7 25. Rb1 b6 26. Nf7 Rb7 27. Nxe5+ Kd8 28. Rb4 Ke8 29. Nc4 Rd7 30. Ne5 Rc7 31. Rc4 Rb7 32. Rc8# 1-0

[Event "CYCC U08"]
[Site "Vancouver CAN"]
[Date "2012.07.05"]
[Round "6"]
[White "James, Rowan"]
[Black "Butchart, Kevin"]
[Result "1-0"]
[WhiteElo "1052"]
[BlackElo "704"]
[PlyCount "89"]
[GameId "2160767909508420"]
[EventDate "2012.07.03"]
[EventType "swiss"]
[EventRounds "7"]
[EventCountry "CAN"]
[SourceTitle "EXT 2022"]
[Source "ChessBase"]
[SourceDate "2021.10.06"]
[SourceVersion "1"]
[SourceVersionDate "2021.10.06"]
[SourceQuality "1"]

1. e4 e5 2. Nf3 Nc6 3. Bc4 Bc5 4. c3 Nf6 5. d3 d6 6. Be3 Bg4 7. O-O Qe7 8. Nbd2 O-O 9. Qb3 Bb6 10. h3 Be6 11. Bxe6 Qxe6 12. Qd1 d5 13. Ng5 Qd6 14. Qf3 h6 15. exd5 Qxd5 16. Nge4 Qxd3 17. Nxf6+ gxf6 18. Qxf6 Bxe3 19. fxe3 Qxd2 20. Rf3 Kh7 21. Rg3 Rg8 22. Qxf7+ Kh8 23. Qf6+ Kh7 24. Qf5+ Kh8 25. Qf6+ Kh7 26. Qf7+ Kh8 27. Qf6+ Kh7 28. Qf7+ Kh8 29. Qf6+ Kh7 30. Qf5+ Kh8 31. Qf6+ Kh7 32. Qf7+ Kh8 33. Qf6+ Kh7 34. Qf7+ Kh8 35. Qf6+ Kh7 36. Rxg8 Qxe3+ 37. Kh1 Kxg8 38. Qg6+ Kf8 39. Rf1+ Qf4 40. Rxf4+ exf4 41. Qh7 Ne7 42. Qxh6+ Kf7 43. Qxf4+ Ke6 44. Qe4+ Kd7 45. Qxb7 1-0

[Event "CYCC U08"]
[Site "Vancouver CAN"]
[Date "2012.07.05"]
[Round "6"]
[White "Li, Jack"]
[Black "Wan, Justin"]
[Result "1-0"]
[WhiteElo "698"]
[BlackElo "733"]
[PlyCount "101"]
[GameId "2160767909508421"]
[EventDate "2012.07.03"]
[EventType "swiss"]
[EventRounds "7"]
[EventCountry "CAN"]
[SourceTitle "EXT 2022"]
[Source "ChessBase"]
[SourceDate "2021.10.06"]
[SourceVersion "1"]
[SourceVersionDate "2021.10.06"]
[SourceQuality "1"]

1. e4 e5 2. Nf3 Nc6 3. Bc4 Bc5 4. O-O d6 5. h3 Nf6 6. Nc3 Be6 7. Bb3 Nd4 8. d3 d5 9. Nxe5 dxe4 10. dxe4 Qe7 11. Bg5 O-O-O 12. Nf3 Nxf3+ 13. Qxf3 h6 14. Bh4 g5 15. Bg3 Bxb3 16. axb3 Rd2 17. Qf5+ Kb8 18. Be5 Re8 19. Bxf6 Qd6 20. Rfd1 Bb6 21. Nb5 Rxd1+ 22. Rxd1 Qxd1+ 23. Kh2 c6 24. Be5+ Ka8 25. Nc7+ Bxc7 26. Bxc7 Qxc2 27. f3 Qxb2 28. Qxf7 Qh8 29. Qd7 Qf8 30. Bd6 Rd8 31. Bxf8 Rxd7 32. Bxh6 a5 33. Bxg5 b5 34. e5 a4 35. bxa4 bxa4 36. e6 Ra7 37. e7 Rxe7 38. Bxe7 Kb7 39. h4 Kc7 40. h5 Kd7 41. h6 Kxe7 42. h7 a3 43. h8=Q a2 44. Qa1 Kd6 45. Qxa2 Kc7 46. g4 Kd8 47. Qa7 Ke8 48. g5 Kf8 49. g6 Kg8 50. Qf7+ Kh8 51. Qh7# 1-0

[Event "CYCC U08"]
[Site "Vancouver CAN"]
[Date "2012.07.05"]
[Round "6"]
[White "Low, Kevin"]
[Black "Doknjas, Neil"]
[Result "0-1"]
[WhiteElo "917"]
[BlackElo "1090"]
[PlyCount "64"]
[GameId "2160767909508422"]
[EventDate "2012.07.03"]
[EventType "swiss"]
[EventRounds "7"]
[EventCountry "CAN"]
[SourceTitle "EXT 2022"]
[Source "ChessBase"]
[SourceDate "2021.10.06"]
[SourceVersion "1"]
[SourceVersionDate "2021.10.06"]
[SourceQuality "1"]

1. d4 d5 2. Nf3 Nf6 3. e3 e6 4. Bd3 Be7 5. O-O O-O 6. Nbd2 b6 7. b3 Bb7 8. Bb2 c5 9. Ne5 Nc6 10. f4 Nxe5 11. fxe5 Ne4 12. Nxe4 dxe4 13. Bc4 cxd4 14. Bxd4 Qc7 15. Qg4 Rac8 16. Rad1 Bc5 17. Bxc5 Qxc5 18. Qg3 b5 19. Be2 Qxc2 20. Bxb5 Qxa2 21. Bc4 Rc5 22. Rd7 Bc8 23. Re7 Qa3 24. Bxe6 Bxe6 25. Rb7 Rfc8 26. Qh4 Rc1 27. Qxe4 Rxf1+ 28. Kxf1 Qc1+ 29. Kf2 Rc2+ 30. Kg3 Qe1+ 31. Kf4 Qh4+ 32. Kf3 Rf2# 0-1

[Event "CYCC U08"]
[Site "Vancouver CAN"]
[Date "2012.07.05"]
[Round "6"]
[White "Pan, Nicholas"]
[Black "Jin, Eric"]
[Result "0-1"]
[WhiteElo "709"]
[BlackElo "855"]
[PlyCount "62"]
[GameId "2160767909508423"]
[EventDate "2012.07.03"]
[EventType "swiss"]
[EventRounds "7"]
[EventCountry "CAN"]
[SourceTitle "EXT 2022"]
[Source "ChessBase"]
[SourceDate "2021.10.06"]
[SourceVersion "1"]
[SourceVersionDate "2021.10.06"]
[SourceQuality "1"]

1. e4 e5 2. Bc4 Bc5 3. Qf3 Nh6 4. d3 Nc6 5. Bxh6 Qf6 6. Qxf6 gxf6 7. Bg7 Rg8 8. Bxf6 Rxg2 9. Nh3 Bd4 10. c3 Bc5 11. Ng5 Bxf2+ 12. Kf1 Rg4 13. Kxf2 Rf4+ 14. Kg3 Rxf6 15. Bxf7+ Rxf7 16. Nxf7 Kxf7 17. Rf1+ Ke6 18. Rf8 d5 19. exd5+ Kxd5 20. Rh8 e4 21. dxe4+ Kxe4 22. Rxh7 Be6 23. Rxc7 Rg8+ 24. Kf2 Rf8+ 25. Ke2 Bc4+ 26. Kd2 Rf2+ 27. Ke1 Ke3 28. h4 Re2+ 29. Kf1 Rf2+ 30. Ke1 Rh2 31. Rxb7 Rh1# 0-1

[Event "CYCC U08"]
[Site "Vancouver CAN"]
[Date "2012.07.05"]
[Round "6"]
[White "Qu, Leo"]
[Black "Mirabelli, Aidan"]
[Result "0-1"]
[WhiteElo "833"]
[BlackElo "932"]
[PlyCount "46"]
[GameId "2160767909508424"]
[EventDate "2012.07.03"]
[EventType "swiss"]
[EventRounds "7"]
[EventCountry "CAN"]
[SourceTitle "EXT 2022"]
[Source "ChessBase"]
[SourceDate "2021.10.06"]
[SourceVersion "1"]
[SourceVersionDate "2021.10.06"]
[SourceQuality "1"]

1. c4 e5 2. Nc3 Nf6 3. g3 d5 4. cxd5 Nxd5 5. Nxd5 Qxd5 6. f3 Bf5 7. Bg2 Be6 8. e3 Nc6 9. Ne2 Bb4 10. O-O O-O-O 11. f4 Qd6 12. fxe5 Nxe5 13. d4 Nc6 14. a3 Ba5 15. b4 Bb6 16. Bb2 Rhe8 17. Rc1 Bg4 18. Rxf7 Rxe3 19. Rc2 Bxe2 20. Rxe2 Rxe2 21. Qxe2 Nxd4 22. Qe4 Nf3+ 23. Kh1 Qd1+ 0-1

[Event "CYCC U08"]
[Site "Vancouver CAN"]
[Date "2012.07.05"]
[Round "6"]
[White "Vettese, Nicholas"]
[Black "Zheng, Victor"]
[Result "1-0"]
[WhiteElo "821"]
[BlackElo "846"]
[PlyCount "63"]
[GameId "2160767909508425"]
[EventDate "2012.07.03"]
[EventType "swiss"]
[EventRounds "7"]
[EventCountry "CAN"]
[SourceTitle "EXT 2022"]
[Source "ChessBase"]
[SourceDate "2021.10.06"]
[SourceVersion "1"]
[SourceVersionDate "2021.10.06"]
[SourceQuality "1"]

1. e4 e5 2. Nf3 Nc6 3. Nc3 Bc5 4. Bc4 Nf6 5. O-O Nxe4 6. Nxe4 d5 7. Bd3 dxe4 8. Bxe4 Bg4 9. h3 Bh5 10. Re1 Qd7 11. g4 Bg6 12. Bxg6 hxg6 13. Nxe5 Nxe5 14. Rxe5+ Be7 15. Qf3 c6 16. d3 f6 17. Re3 O-O-O 18. Qe2 Bc5 19. Rf3 Rde8 20. Be3 Bd4 21. c3 Bxe3 22. Rxe3 Rxh3 23. Rxe8+ Kc7 24. Re7 Qxe7 25. Qxe7+ Kb6 26. Re1 Rxd3 27. Qb4+ Kc7 28. Re7+ Kd8 29. Qxb7 Rd1+ 30. Kg2 Rg1+ 31. Kxg1 c5 32. Qc7# 1-0

[Event "CYCC U08"]
[Site "Vancouver CAN"]
[Date "2012.07.05"]
[Round "6"]
[White "Washimkar, Arhant"]
[Black "Zhao, Ian"]
[Result "1-0"]
[WhiteElo "1145"]
[BlackElo "971"]
[PlyCount "97"]
[GameId "2160767909508426"]
[EventDate "2012.07.03"]
[EventType "swiss"]
[EventRounds "7"]
[EventCountry "CAN"]
[SourceTitle "EXT 2022"]
[Source "ChessBase"]
[SourceDate "2021.10.06"]
[SourceVersion "1"]
[SourceVersionDate "2021.10.06"]
[SourceQuality "1"]

1. e4 e5 2. Nf3 Nc6 3. Bc4 Nf6 4. Nc3 Be7 5. d3 d6 6. h3 O-O 7. O-O Be6 8. Bb3 Qd7 9. Re1 a6 10. Be3 Ne8 11. Nd5 Kh8 12. Qd2 f5 13. Bg5 f4 14. Nxe7 Nxe7 15. d4 h6 16. Bxe7 Qxe7 17. dxe5 Bxb3 18. exd6 Nxd6 19. axb3 Rad8 20. Qe2 Rfe8 21. Rad1 Qe6 22. b4 Re7 23. e5 Nf7 24. Rxd8+ Nxd8 25. Nd4 Qd5 26. Qe4 Qxe4 27. Rxe4 Ne6 28. Nxe6 Rxe6 29. Kf1 g5 30. Ke2 Kg7 31. g3 Kg6 32. Kf3 fxg3 33. fxg3 Kf5 34. g4+ Kg6 35. Re3 Kf7 36. Ke4 Rb6 37. c3 Ke6 38. Rf3 Ke7 39. Rf5 Re6 40. h4 gxh4 41. Rh5 Kf7 42. Rxh4 Rg6 43. Rh1 Rc6 44. Rd1 Ke7 45. Re1 Re6 46. c4 c6 47. c5 Kf7 48. Rd1 Ke7 49. Rd2 1-0

[Event "CYCC U08"]
[Site "Vancouver CAN"]
[Date "2012.07.05"]
[Round "6"]
[White "Wu, James"]
[Black "Liang, Albert"]
[Result "1-0"]
[WhiteElo "626"]
[BlackElo "764"]
[PlyCount "41"]
[GameId "2160767909508427"]
[EventDate "2012.07.03"]
[EventType "swiss"]
[EventRounds "7"]
[EventCountry "CAN"]
[SourceTitle "EXT 2022"]
[Source "ChessBase"]
[SourceDate "2021.10.06"]
[SourceVersion "1"]
[SourceVersionDate "2021.10.06"]
[SourceQuality "1"]

1. e4 e5 2. Nf3 Nc6 3. Nc3 d6 4. d3 Be6 5. Be3 Nge7 6. Be2 Qd7 7. O-O O-O-O 8. d4 Bh3 9. gxh3 Qxh3 10. Ng5 Qh6 11. Nxf7 Qg6+ 12. Bg4+ Kb8 13. Nxh8 Ng8 14. Nxg6 hxg6 15. Bg5 Be7 16. Bxe7 Ncxe7 17. Nb5 Nf6 18. Be6 Nxe4 19. dxe5 dxe5 20. Qxd8+ Nc8 21. Qxc8# 1-0

[Event "CYCC U08"]
[Site "Vancouver CAN"]
[Date "2012.07.05"]
[Round "6"]
[White "Zhang, Arthur"]
[Black "Pulfer, Ben"]
[Result "1-0"]
[WhiteElo "338"]
[BlackElo "580"]
[PlyCount "26"]
[GameId "2160767909508428"]
[EventDate "2012.07.03"]
[EventType "swiss"]
[EventRounds "7"]
[EventCountry "CAN"]
[SourceTitle "EXT 2022"]
[Source "ChessBase"]
[SourceDate "2021.10.06"]
[SourceVersion "1"]
[SourceVersionDate "2021.10.06"]
[SourceQuality "1"]

1. e4 e5 2. Nf3 Nc6 3. d4 f6 4. Bc4 d6 5. Be3 f5 6. exf5 Bxf5 7. Bg5 Be7 8. Bxg8 Rxg8 9. Bxe7 Qxe7 10. Nc3 O-O-O 11. Qd2 Nb4 12. O-O-O Be6 13. Rhe1 Bxa2 1-0